Statistics for U.S States With the Letter E

Click here to take the quiz!

General Stats

  • This quiz has been taken 100 times
    (91 since last reset)
  • The average score is 19 of 20

Answer Stats

U.S States% Correct
Maine
100%
Nevada
100%
New Jersey
100%
New Mexico
100%
New York
100%
Texas
100%
Tennessee
98%
West Virginia
98%
Georgia
95%
Kentucky
95%
Nebraska
95%
New Hampshire
95%
Oregon
95%
Pennsylvania
95%
Rhode Island
95%
Connecticut
93%
Massachusetts
93%
Vermont
93%
Delaware
91%
Minnesota
91%

Score Distribution

Percentile by Number Answered

Percent of People with Each Score

Your Score History

You have not taken this quiz since the last reset